<?xml version="1.0" encoding="UTF-8"?>
<collection xmlns:xsi="http://www.w3.org/2001/XMLSchema-instance" xsi:schemaLocation="http://www.loc.gov/MARC21/slim http://www.loc.gov/standards/marcxml/schema/MARC21slim.xsd" xmlns="http://www.loc.gov/MARC21/slim">
 <record>
  <leader>00000cgm a22000004a 4500</leader>
  <controlfield tag="001">UP-99796217608072636</controlfield>
  <controlfield tag="003">Buklod</controlfield>
  <controlfield tag="005">20230503092542.0</controlfield>
  <controlfield tag="006">gnnn        a   tz</controlfield>
  <controlfield tag="007">ta</controlfield>
  <controlfield tag="008">010719s1998    xx ||| |     ||   ||eng d</controlfield>
  <datafield tag="035" ind1=" " ind2=" ">
   <subfield code="a">(iLib)UPD-00000522457</subfield>
  </datafield>
  <datafield tag="040" ind1=" " ind2=" ">
   <subfield code="a">DML</subfield>
  </datafield>
  <datafield tag="041" ind1=" " ind2=" ">
   <subfield code="a">eng</subfield>
  </datafield>
  <datafield tag="042" ind1=" " ind2=" ">
   <subfield code="a">DMLUC</subfield>
  </datafield>
  <datafield tag="090" ind1=" " ind2=" ">
   <subfield code="a">VDR-776</subfield>
  </datafield>
  <datafield tag="245" ind1="1" ind2="0">
   <subfield code="a">Mountains of water</subfield>
   <subfield code="b">the terraces and traditions of the Ifugao</subfield>
   <subfield code="h">[videorecording]</subfield>
   <subfield code="c">director and cameraman Fruto Corre ; writer and researcher, Nancy Pe-Rodrigo ; script translated into English by Benilda Santos.</subfield>
  </datafield>
  <datafield tag="264" ind1=" " ind2="1">
   <subfield code="a">Makati</subfield>
   <subfield code="b">Bookmark Video</subfield>
   <subfield code="c">c1998.</subfield>
  </datafield>
  <datafield tag="300" ind1=" " ind2=" ">
   <subfield code="a">1 videocassette (45 mins.)</subfield>
   <subfield code="b">sd., col.</subfield>
  </datafield>
  <datafield tag="340" ind1=" " ind2=" ">
   <subfield code="a">Magnetic.</subfield>
  </datafield>
  <datafield tag="500" ind1=" " ind2=" ">
   <subfield code="a">VHS.</subfield>
  </datafield>
  <datafield tag="500" ind1=" " ind2=" ">
   <subfield code="a">Also issued in Filipino: Ifugao : bulubunduking buhay.</subfield>
  </datafield>
  <datafield tag="511" ind1="0" ind2=" ">
   <subfield code="a">Narrators, Irma Adlawan-Marasigan and Pen Medina.</subfield>
  </datafield>
  <datafield tag="520" ind1=" " ind2=" ">
   <subfield code="a">This documentary shows how the Ifugaos created and maintained the Ifugao Rice Terraces, the greatest agricultural achievement in human history.  It also presents the Ifugao culture: the rituals of the mumbaki, the Hudhud chanted at harvest, the intricate art of weaving and woodcarving.</subfield>
  </datafield>
  <datafield tag="653" ind1=" " ind2=" ">
   <subfield code="a">Environmental science.</subfield>
  </datafield>
  <datafield tag="653" ind1=" " ind2=" ">
   <subfield code="a">Tourism.</subfield>
  </datafield>
  <datafield tag="653" ind1=" " ind2=" ">
   <subfield code="a">Anthropology.</subfield>
  </datafield>
  <datafield tag="694" ind1=" " ind2="0">
   <subfield code="a">Ifugao Rice Terraces.</subfield>
  </datafield>
  <datafield tag="695" ind1=" " ind2="0">
   <subfield code="a">Ifugaos.</subfield>
  </datafield>
  <datafield tag="695" ind1=" " ind2="0">
   <subfield code="a">Ifugaos</subfield>
   <subfield code="x">Social life and customs.</subfield>
  </datafield>
  <datafield tag="700" ind1="1" ind2=" ">
   <subfield code="a">Corre, Fruto.</subfield>
  </datafield>
  <datafield tag="700" ind1="1" ind2=" ">
   <subfield code="a">Rodrigo, Nancy Pe.</subfield>
  </datafield>
  <datafield tag="700" ind1="1" ind2=" ">
   <subfield code="a">Santos, Benilda.</subfield>
  </datafield>
  <datafield tag="842" ind1=" " ind2=" ">
   <subfield code="a">Visual Material</subfield>
  </datafield>
  <datafield tag="905" ind1=" " ind2=" ">
   <subfield code="a">FI</subfield>
  </datafield>
  <datafield tag="950" ind1=" " ind2=" ">
   <subfield code="a">Videorecording</subfield>
  </datafield>
  <datafield tag="852" ind1="0" ind2=" ">
   <subfield code="a">UPD</subfield>
   <subfield code="b">DMLR</subfield>
   <subfield code="h">VDR-776</subfield>
  </datafield>
  <datafield tag="942" ind1=" " ind2=" ">
   <subfield code="a">Visual Material</subfield>
  </datafield>
 </record>
</collection>
